Information society and civil society = Sociedad de la información y sociedad civil /
Guardado en:
| Autor principal: | |
|---|---|
| Formato: | Desconocido |
| Lenguaje: | English |
| Publicado: |
West Lafayette, Indiana :
Purdue University Press,
1994.
|
| Materias: | |
| Etiquetas: |
Agregar Etiqueta
Sin Etiquetas, Sea el primero en etiquetar este registro!
|
MARC
| LEADER | 000000000a22000000004500 | ||
|---|---|---|---|
| 001 | 014292 | ||
| 020 | |a 1557530432 | ||
| 041 | 0 | |a eng | |
| 082 | 0 | 4 | |a 301.20 |b I43i |
| 100 | 1 | |a Splichal, Slavko | |
| 245 | 1 | 0 | |a Information society and civil society = |b Sociedad de la información y sociedad civil / |c Slavko Splichal. |
| 246 | 3 | 1 | |a Sociedad de la información y sociedad civil |
| 260 | 1 | |a West Lafayette, Indiana : |b Purdue University Press, |c 1994. | |
| 300 | |a 371 páginas ; |c 22 cm. | ||
| 650 | 4 | |a SOCIEDAD DE LA INFORMACION | |
| 650 | 4 | |a SOCIEDAD CIVIL | |
| 650 | 4 | |a POLITICAS MUNDIALES 1989 | |
| 500 | |a Colección George Yúdice | ||
| 999 | |c 20186 |d 20186 | ||
| 942 | |c BK |h 301.20 I43i |2 z | ||



